[Event "Hastings Online All-Play-All"]
[Site "Tornelo INT"]
[Date "2021.01.09"]
[EventDate "2021.01.09"]
[Round "5.4"]
[Result "1-0"]
[White "David Howell"]
[Black "Ameet Ghasi"]
[WhiteElo "2658"]
[BlackElo "2485"]
[PlyCount "155"]

1. e4 c6 2. d4 d5 3. Nd2 dxe4 4. Nxe4 Nf6 5. Nxf6+ exf6 6. c3
Bd6 7. Bd3 O-O 8. Ne2 Re8 9. Qc2 h5 10. O-O h4 11. h3 Nd7
12. Be3 Nf8 13. Rad1 Bc7 14. c4 Qd6 15. Nf4 Be6 16. Rfe1 Rad8
17. Kf1 Bc8 18. Bf5 Bxf5 19. Qxf5 Qb4 20. b3 Qa5 21. Qxa5 Bxa5
22. Re2 Ne6 23. d5 Nxf4 24. Bxf4 Rxe2 25. Kxe2 cxd5 26. Rxd5
Rxd5 27. cxd5 Kf8 28. Bd6+ Ke8 29. Bc5 b6 30. Ba3 Bc3 31. Kd3
Be1 32. Ke2 Bc3 33. Kd3 Be1 34. f3 Kd7 35. Bf8 g6 36. a4 a6
37. Kc4 Bf2 38. Bb4 f5 39. Bd2 Kd6 40. Bf4+ Kd7 41. Be5 Bg3
42. Bxg3 hxg3 43. a5 bxa5 44. h4 f4 45. Kd4 Kd6 46. Ke4 f6
47. Kd4 a4 48. bxa4 a5 49. Ke4 Kc5 50. Kxf4 Kxd5 51. Kxg3 Kc4
52. Kf4 Kb4 53. g4 g5+ 54. hxg5 fxg5+ 55. Kxg5 Kxa4 56. f4 Kb3
57. f5 a4 58. f6 a3 59. f7 a2 60. f8=Q a1=Q 61. Qf7+ Kb4
62. Kg6 Qa6+ 63. Kg7 Qa1+ 64. Qf6 Qa7+ 65. Kg6 Qd7 66. Qf8+
Ka4 67. Qa8+ Kb4 68. Qe4+ Kc3 69. g5 Qd6+ 70. Kf5 Qd7+ 71. Qe6
Qh7+ 72. g6 Qh3+ 73. Kf6 Qh4+ 74. Kf7 Kd3 75. g7 Qf4+ 76. Ke8
Qb8+ 77. Ke7 Qb4+ 78. Qd6+ 1-0

[Event "Hastings Online All-Play-All"]
[Site "Tornelo INT"]
[Date "2021.01.09"]
[EventDate "2021.01.09"]
[Round "5.5"]
[Result "1/2-1/2"]
[White "Matthew J Wadsworth"]
[Black "Keith Arkell"]
[WhiteElo "2416"]
[BlackElo "2381"]
[PlyCount "86"]

1. c4 c5 2. g3 Nc6 3. Bg2 g6 4. Nc3 Bg7 5. Nf3 Nf6 6. d4 cxd4
7. Nxd4 Nxd4 8. Qxd4 d6 9. O-O O-O 10. Qd3 Nd7 11. b3 Nc5
12. Qe3 Rb8 13. Bb2 b6 14. Rac1 Bb7 15. Rfd1 Bxg2 16. Kxg2 Qd7
17. Ba3 Qb7+ 18. Kg1 Rbc8 19. b4 Ne6 20. Nd5 Rfe8 21. b5 Nc5
22. Nb4 Nd7 23. Nd5 Ne5 24. Qe4 Qd7 25. Bb2 Qf5 26. Qxf5 gxf5
27. Bxe5 Bxe5 28. Nb4 Bb2 29. Rc2 Ba3 30. Na6 Red8 31. Rd3 Bc5
32. e3 Kg7 33. Kg2 Kf6 34. Rcd2 e6 35. a4 h5 36. Nxc5 Rxc5
37. Rxd6 Rxd6 38. Rxd6 Rxc4 39. a5 bxa5 40. Ra6 a4 41. Rxa7
Rb4 42. b6 Rxb6 43. Rxa4 Rb2 1/2-1/2

[Event "Hastings Online All-Play-All"]
[Site "Tornelo INT"]
[Date "2021.01.09"]
[EventDate "2021.01.09"]
[Round "6.1"]
[Result "1/2-1/2"]
[White "Nicholas Pert"]
[Black "Mark Hebden"]
[WhiteElo "2548"]
[BlackElo "2453"]
[PlyCount "91"]

1. d4 Nf6 2. Nf3 g6 3. g3 Bg7 4. Bg2 c5 5. O-O cxd4 6. Nxd4
O-O 7. c4 Nc6 8. Nc3 d6 9. Nxc6 bxc6 10. Bxc6 Rb8 11. Bg2 Qa5
12. Nb5 Bb7 13. Bxb7 Rxb7 14. Bd2 Qa6 15. Bc3 Qc6 16. Rc1 Qxc4
17. Nxd6 exd6 18. Bxf6 Qxa2 19. Bxg7 Kxg7 20. Rc2 Qe6 21. Rd2
Re8 22. e3 Qe5 23. Qa1 a5 24. Rfd1 Rc8 25. Rd5 Qxb2 26. Rxa5
Rc2 27. Ra2 Qxa1 28. Rdxa1 Rxa2 29. Rxa2 Kf6 30. Kg2 Ke5
31. Kf3 f5 32. h3 g5 33. g4 f4 34. exf4+ gxf4 35. Re2+ Kd4
36. Kxf4 d5 37. g5 Rf7+ 38. Kg4 Kc3 39. f4 d4 40. Re8 Rd7
41. Rc8+ Kb2 42. Rb8+ Kc2 43. Rc8+ Kb2 44. Rb8+ Kc2 45. Ra8
Kb2 46. Rb8+ 1/2-1/2

[Event "Hastings Online All-Play-All"]
[Site "Tornelo INT"]
[Date "2021.01.09"]
[EventDate "2021.01.09"]
[Round "6.2"]
[Result "0-1"]
[White "Keith Arkell"]
[Black "Gawain Jones"]
[WhiteElo "2381"]
[BlackElo "2670"]
[PlyCount "82"]

1. d4 Nf6 2. Nf3 g6 3. c4 Bg7 4. Nc3 O-O 5. g3 d6 6. Bg2 c5
7. O-O Nc6 8. dxc5 dxc5 9. Bf4 Nh5 10. Be3 Nd4 11. Qd2 e5
12. Rad1 Be6 13. b3 Qd7 14. Ng5 Bf5 15. Nge4 Rac8 16. Bh6 Bxe4
17. Bxe4 Rcd8 18. Bd5 Qg4 19. Bxg7 Kxg7 20. Kh1 b5 21. Qe3 Nf6
22. Bf3 Qf5 23. cxb5 Rfe8 24. Be4 Qe6 25. Kg2 Ng4 26. Qc1 f5
27. Bd3 e4 28. Bc4 Qe7 29. e3 Nf3 30. h3 Nf6 31. Rxd8 Rxd8
32. Rd1 h5 33. Nd5 Nxd5 34. Rxd5 Rxd5 35. Bxd5 h4 36. Qc3+ Kh7
37. a4 Qd6 38. Bc4 hxg3 39. fxg3 Qd1 40. Bf1 Nd2 41. Bc4 Qf3+
0-1

[Event "Hastings Online All-Play-All"]
[Site "Tornelo INT"]
[Date "2021.01.09"]
[EventDate "2021.01.09"]
[Round "6.3"]
[Result "0-1"]
[White "Ameet Ghasi"]
[Black "Matthew J Wadsworth"]
[WhiteElo "2485"]
[BlackElo "2416"]
[PlyCount "150"]

1. Nf3 Nf6 2. g3 d5 3. Bg2 c6 4. O-O Bf5 5. d3 e6 6. Nbd2 h6
7. Qe1 Bh7 8. e4 Be7 9. b3 O-O 10. Bb2 a5 11. a3 Nbd7 12. Qe2
Qb6 13. a4 Qa6 14. exd5 cxd5 15. Nd4 Rac8 16. N2f3 Ne8 17. Bh3
Nc7 18. Qe3 Bf6 19. Rfe1 Rfe8 20. Qd2 b6 21. b4 axb4 22. Qxb4
Be7 23. Qd2 Qb7 24. Qf4 Bf6 25. Rab1 Ra8 26. Nb5 Nxb5 27. Bxf6
Na3 28. Bb2 Nxb1 29. Qg4 Bg6 30. Nh4 Nf8 31. Rxb1 Qc6 32. c4
Qxa4 33. Nxg6 Nxg6 34. Qd4 e5 35. Qc3 dxc4 36. dxc4 Rad8
37. Bg4 b5 38. Be2 bxc4 39. h4 Qb3 40. Qc1 Rb8 41. Bxc4 Qf3
42. Qc2 Rec8 43. h5 Qxh5 44. Qe4 Nf8 45. Bd3 Qg5 46. Qe2 Re8
47. Bb5 Re7 48. Rd1 Ne6 49. Bc1 Qf6 50. Bd3 Ng5 51. Qg4 e4
52. Be2 Nf3+ 53. Kg2 Qe6 54. Qf4 Rbe8 55. Qe3 Qf5 56. Bb2 Ng5
57. g4 Qg6 58. Rd5 Ne6 59. Rf5 Rb7 60. Qc3 Rc7 61. Qb3 Rc5
62. Rxc5 Nxc5 63. Qb5 Rc8 64. Qc4 Rc6 65. Qb5 Nd3 66. Qb8+ Kh7
67. Bd4 Qd6 68. Qxd6 Rxd6 69. Be3 Ra6 70. Kg3 Ra2 71. Bf1 g5
72. Bg2 Ra4 73. Bf1 Kg6 74. f3 Ne5 75. f4 Ra3 0-1

[Event "Hastings Online All-Play-All"]
[Site "Tornelo INT"]
[Date "2021.01.09"]
[EventDate "2021.01.09"]
[Round "6.4"]
[Result "0-1"]
[White "Glenn C Flear"]
[Black "David Howell"]
[WhiteElo "2431"]
[BlackElo "2658"]
[PlyCount "68"]

1. d4 Nf6 2. c4 g6 3. Nc3 d5 4. cxd5 Nxd5 5. Bd2 Bg7 6. e4 Nb6
7. Be3 O-O 8. Bb5 e5 9. Nf3 exd4 10. Bxd4 Qe7 11. Bxg7 Kxg7
12. Qd4+ f6 13. O-O a6 14. Be2 Nc6 15. Qe3 Be6 16. Rfd1 Rad8
17. b3 Bf7 18. h3 Rfe8 19. Rxd8 Rxd8 20. Rd1 Rxd1+ 21. Bxd1
Nd7 22. Be2 b5 23. Nd2 Qd6 24. a4 b4 25. Nd5 a5 26. Nc4 Qc5
27. Qf4 Nd4 28. Bd1 c6 29. Nde3 Ne5 30. Nxe5 Qxe5 31. Qxe5
fxe5 32. Ng4 Bxb3 33. Bxb3 Nxb3 34. Nxe5 Nd2 0-1

[Event "Hastings Online All-Play-All"]
[Site "Tornelo INT"]
[Date "2021.01.09"]
[EventDate "2021.01.09"]
[Round "6.5"]
[Result "0-1"]
[White "Michael Adams"]
[Black "Daniel Gormally"]
[WhiteElo "2716"]
[BlackElo "2479"]
[PlyCount "74"]

1. e4 c5 2. Nf3 d6 3. d4 cxd4 4. Nxd4 Nf6 5. Nc3 a6 6. g3 Bg4
7. f3 Bd7 8. Be3 Nc6 9. Qd2 Rc8 10. O-O-O Nxd4 11. Bxd4 e5
12. Be3 h6 13. Kb1 Qa5 14. h4 Be6 15. Bh3 Be7 16. Bxe6 fxe6
17. g4 Kf7 18. g5 hxg5 19. hxg5 Rxh1 20. Rxh1 Nd7 21. Qg2 Nf8
22. g6+ Ke8 23. Ne2 Kd7 24. Nc1 Qd8 25. Nd3 Qe8 26. Rg1 Kc7
27. f4 exf4 28. Bxf4 Kb8 29. a3 Ka8 30. Qg4 Qa4 31. Qe2 Nd7
32. Rd1 Nf8 33. Rg1 Nd7 34. Bc1 Bf6 35. Bg5 Bd4 36. Be3 Bxe3
37. Qf3 Qxc2+ 0-1

[Event "Hastings Online All-Play-All"]
[Site "Tornelo INT"]
[Date "2021.01.09"]
[EventDate "2021.01.09"]
[Round "6.6"]
[Result "1/2-1/2"]
[White "Matthew J Turner"]
[Black "Luke McShane"]
[WhiteElo "2509"]
[BlackElo "2674"]
[PlyCount "85"]

1. d4 Nf6 2. Nf3 g6 3. Bg5 Bg7 4. Nbd2 d6 5. e4 O-O 6. c3 Nc6
7. Bb5 Bd7 8. O-O Qe8 9. e5 dxe5 10. Bxc6 Bxc6 11. Nxe5 b6
12. Nxc6 Qxc6 13. Re1 e6 14. Bxf6 Bxf6 15. Qf3 Qxf3 16. Nxf3
Rfd8 17. Kf1 Rd5 18. Ke2 c5 19. dxc5 Rxc5 20. Rad1 Rc7 21. Nd4
b5 22. a3 Rb8 23. Nb3 Kf8 24. Rd6 Be5 25. Ra6 Rd8 26. g3 Rd6
27. Ra5 Rb6 28. Rd1 Ke7 29. Nd4 a6 30. Nc2 Bd6 31. Nb4 Ra7
32. Rd4 g5 33. h4 h6 34. hxg5 hxg5 35. a4 bxa4 36. Rxa4 f5
37. Rc4 Rab7 38. Nd3 e5 39. b4 e4 40. Nc5 Rc7 41. g4 Bxc5
42. Rxc5 Rxc5 43. bxc5 1/2-1/2

[Event "Hastings Online All-Play-All"]
[Site "Tornelo INT"]
[Date "2021.01.10"]
[EventDate "2021.01.09"]
[Round "7.1"]
[Result "1-0"]
[White "Luke McShane"]
[Black "Nicholas Pert"]
[WhiteElo "2674"]
[BlackElo "2548"]
[PlyCount "135"]

1. e4 c5 2. g3 Nc6 3. Bg2 g6 4. Nc3 Bg7 5. d3 d6 6. Be3 e5
7. Nh3 Nge7 8. f4 f5 9. O-O O-O 10. Qd2 exf4 11. Nxf4 Bd7
12. Rae1 fxe4 13. Nxe4 Nf5 14. Bf2 Qa5 15. c3 Rae8 16. g4 Nh6
17. h3 Nf7 18. Nd5 Qd8 19. Be3 Kh8 20. Rxf7 Rxf7 21. Nxd6 Be6
22. Nxe8 Qxe8 23. Bxc5 Qd7 24. d4 b6 25. Ba3 Bxd5 26. Bxd5
Bxd4+ 27. cxd4 Qxd5 28. b3 Qf3 29. Qe3 Qxe3+ 30. Rxe3 Rd7
31. Bb2 Kg8 32. Kg2 Kf7 33. Rc3 Nb4 34. Rc4 Nd3 35. Bc3 Nf4+
36. Kf3 Nxh3 37. Bd2 g5 38. Kg3 Nf4 39. Bxf4 gxf4+ 40. Kxf4
Ke6 41. Ke4 Rg7 42. d5+ Kd7 43. Kf4 Kd6 44. Rd4 Rf7+ 45. Kg3
b5 46. b4 Rf1 47. Rd3 a6 48. a3 h6 49. Kg2 Rf4 50. Kh3 Rf1
51. Kg3 Rg1+ 52. Kf4 Rf1+ 53. Ke4 Re1+ 54. Kf5 Rf1+ 55. Kg6
Rh1 56. Rf3 Kxd5 57. Rf5+ Ke4 58. Rh5 Rg1 59. Rh4 Kf3 60. Kf5
Rd1 61. Rh3+ Kg2 62. Rxh6 Rd5+ 63. Ke4 Rd8 64. Rxa6 Rg8
65. Kf5 Kf3 66. g5 Ke3 67. g6 Kd4 68. Ra7 1-0

[Event "Hastings Online All-Play-All"]
[Site "Tornelo INT"]
[Date "2021.01.10"]
[EventDate "2021.01.09"]
[Round "7.2"]
[Result "1-0"]
[White "Daniel Gormally"]
[Black "Matthew J Turner"]
[WhiteElo "2479"]
[BlackElo "2509"]
[PlyCount "47"]

1. d4 Nf6 2. Nf3 e6 3. c4 d5 4. Nc3 Bb4 5. e3 O-O 6. Bd3 c5
7. O-O cxd4 8. exd4 dxc4 9. Bxc4 b6 10. Bg5 Bb7 11. Rc1 Be7
12. Re1 Nc6 13. a3 Rc8 14. Ba2 Nd5 15. Bd2 Nxc3 16. Bxc3 Bf6
17. d5 exd5 18. Bxd5 Bxc3 19. Rxc3 Na5 20. Rxc8 Qxc8 21. Ne5
Bxd5 22. Qxd5 Qa8 23. Qd7 Qb7 24. b4 1-0

[Event "Hastings Online All-Play-All"]
[Site "Tornelo INT"]
[Date "2021.01.10"]
[EventDate "2021.01.09"]
[Round "7.3"]
[Result "1-0"]
[White "David Howell"]
[Black "Michael Adams"]
[WhiteElo "2658"]
[BlackElo "2716"]
[PlyCount "129"]

1. Nf3 d5 2. g3 c5 3. Bg2 Nf6 4. O-O Nc6 5. d4 e6 6. c4 dxc4
7. dxc5 Qxd1 8. Rxd1 Bxc5 9. Nbd2 c3 10. bxc3 O-O 11. Nb3 Be7
12. c4 Bd7 13. Bb2 Rfd8 14. Nfd4 Rac8 15. Nb5 b6 16. Nd6 Bxd6
17. Rxd6 Be8 18. Rd3 Rxd3 19. exd3 Nb4 20. Bf1 Ba4 21. f3 Nd7
22. d4 f6 23. f4 Kf7 24. Nd2 Bc2 25. a3 Nc6 26. Kf2 Na5
27. Rc1 Ba4 28. Ne4 Rc7 29. Bc3 Nb7 30. Bb4 Nb8 31. Nd6+ Nxd6
32. Bxd6 Rc8 33. c5 Nc6 34. Ke3 Ne7 35. g4 Bb3 36. Bxe7 Kxe7
37. cxb6 Rxc1 38. b7 Rxf1 39. b8=Q Bd5 40. Qxa7+ Kf8 41. f5
Rf3+ 42. Ke2 Rh3 43. Qb8+ Ke7 44. Qc7+ Ke8 45. Qxg7 Rxh2+
46. Ke1 Rh1+ 47. Kd2 Rh2+ 48. Kc3 Rh3+ 49. Kb4 Rb3+ 50. Ka4
Rb7 51. Qxf6 Kd7 52. fxe6+ Bxe6 53. Qe5 Bb3+ 54. Ka5 Bc4
55. a4 Bd3 56. d5 Rb3 57. Qe6+ Kd8 58. Qg8+ Kd7 59. Qe6+ Kd8
60. d6 Rb7 61. Qd5 Ra7+ 62. Kb6 Ra6+ 63. Kb7 Rxa4 64. Qg5+ Kd7
65. Qe7# 1-0

[Event "Hastings Online All-Play-All"]
[Site "Tornelo INT"]
[Date "2021.01.10"]
[EventDate "2021.01.09"]
[Round "7.4"]
[Result "1-0"]
[White "Matthew J Wadsworth"]
[Black "Glenn C Flear"]
[WhiteElo "2416"]
[BlackElo "2431"]
[PlyCount "87"]

1. c4 e6 2. g3 d5 3. Bg2 dxc4 4. Nf3 a6 5. O-O Nc6 6. Na3 Bxa3
7. bxa3 e5 8. Bb2 f6 9. d3 cxd3 10. exd3 Nge7 11. d4 e4
12. Nd2 f5 13. d5 Qxd5 14. Bxg7 Rg8 15. Bb2 Be6 16. Nb3 Qxd1
17. Rfxd1 Rd8 18. Nc5 Rxd1+ 19. Rxd1 Bc8 20. Bf1 Rg6 21. Bc3
a5 22. Bb5 Rd6 23. Rxd6 cxd6 24. Nb3 b6 25. Bd4 Be6 26. Bxb6
Bxb3 27. axb3 Kf7 28. f3 d5 29. g4 Kf6 30. gxf5 Kxf5 31. Kf2
Ke5 32. Bc5 exf3 33. b4 axb4 34. axb4 Ke4 35. Ba4 h5 36. b5
Ne5 37. Bxe7 Ng4+ 38. Kg3 f2 39. Kg2 Ke3 40. b6 Nxh2 41. Bb5
d4 42. Kxh2 d3 43. Bc5+ Ke2 44. Bxf2 1-0

[Event "Hastings Online All-Play-All"]
[Site "Tornelo INT"]
[Date "2021.01.10"]
[EventDate "2021.01.09"]
[Round "7.5"]
[Result "1-0"]
[White "Gawain Jones"]
[Black "Ameet Ghasi"]
[WhiteElo "2670"]
[BlackElo "2485"]
[PlyCount "41"]

1. e4 c6 2. d4 d5 3. e5 Bf5 4. h4 h5 5. c4 e6 6. Nc3 Ne7
7. Nge2 Nd7 8. Ng3 Bg6 9. Bg5 Qa5 10. a3 f6 11. exf6 gxf6
12. Be3 dxc4 13. Bxc4 Nd5 14. O-O Bf7 15. Qd2 Qc7 16. Bxd5
cxd5 17. Rac1 Qb6 18. Rfe1 Be7 19. Bf4 Qb3 20. Nf5 Rc8
21. Ng7+ 1-0

[Event "Hastings Online All-Play-All"]
[Site "Tornelo INT"]
[Date "2021.01.10"]
[EventDate "2021.01.09"]
[Round "7.6"]
[Result "0-1"]
[White "Mark Hebden"]
[Black "Keith Arkell"]
[WhiteElo "2453"]
[BlackElo "2381"]
[PlyCount "100"]

1. d4 e6 2. e4 d5 3. Nc3 dxe4 4. Nxe4 Bd7 5. Nf3 Bc6 6. Bd3
Nd7 7. c3 Ngf6 8. Nxf6+ Nxf6 9. O-O Bxf3 10. Qxf3 c6 11. b4 a6
12. a4 Be7 13. Bd2 Qd5 14. Qe2 a5 15. bxa5 Qxa5 16. Rfb1 Qc7
17. g3 O-O 18. h4 Ra7 19. g4 g6 20. c4 Rd8 21. Be3 c5 22. g5
Nh5 23. d5 exd5 24. cxd5 Rxd5 25. Bc4 Rd7 26. Qf3 Bd6 27. Rd1
b6 28. Rd5 Bh2+ 29. Kh1 Rxd5 30. Bxd5 Be5 31. Ra2 Bf4 32. Bb3
Bxe3 33. Qxe3 Qf4 34. Qxf4 Nxf4 35. Rd2 c4 36. Bxc4 Rxa4
37. Rd8+ Kg7 38. Rc8 Ne6 39. Kh2 Nc5 40. Bd5 Rxh4+ 41. Kg3 Rd4
42. Bg2 Ne6 43. Rb8 Nxg5 44. Rxb6 h5 45. f4 Rd3+ 46. Kh2 Nf3+
47. Kg3 Ne1+ 48. Kf2 Rd2+ 49. Kxe1 Rxg2 50. f5 g5 0-1

[Event "Hastings Online All-Play-All"]
[Site "Tornelo INT"]
[Date "2021.01.10"]
[EventDate "2021.01.09"]
[Round "8.1"]
[Result "1/2-1/2"]
[White "Nicholas Pert"]
[Black "Keith Arkell"]
[WhiteElo "2548"]
[BlackElo "2381"]
[PlyCount "54"]

1. d4 e6 2. c4 Bb4+ 3. Bd2 Bxd2+ 4. Qxd2 Nf6 5. Nf3 d6 6. g3
Qe7 7. Bg2 O-O 8. O-O e5 9. Nc3 c6 10. e4 Nbd7 11. Rad1 a5
12. Rfe1 Re8 13. h3 g6 14. d5 cxd5 15. Nxd5 Nxd5 16. Qxd5 Ra6
17. b3 Nc5 18. Qd2 Be6 19. Qe2 Qc7 20. Nd2 Qb6 21. Rb1 Qb4
22. Nf1 a4 23. Qd1 axb3 24. axb3 Rd8 25. Ne3 Ra2 26. Re2 Rxe2
27. Qxe2 Ra8 1/2-1/2

[Event "Hastings Online All-Play-All"]
[Site "Tornelo INT"]
[Date "2021.01.10"]
[EventDate "2021.01.09"]
[Round "8.2"]
[Result "0-1"]
[White "Ameet Ghasi"]
[Black "Mark Hebden"]
[WhiteElo "2485"]
[BlackElo "2453"]
[PlyCount "106"]

1. Nf3 Nf6 2. g3 g6 3. b3 Bg7 4. Bb2 c5 5. Bg2 d6 6. d4 Qa5+
7. Qd2 Qxd2+ 8. Nbxd2 O-O 9. c4 Nc6 10. d5 Nb4 11. O-O Bf5
12. a3 Na6 13. Nh4 Bd7 14. e4 b5 15. cxb5 Bxb5 16. Rfe1 Rab8
17. e5 Nd7 18. f4 Nc7 19. Ra2 Nb6 20. exd6 exd6 21. Ne4 c4
22. Bxg7 Kxg7 23. b4 Rfd8 24. Nc3 Na4 25. Rc2 Nxc3 26. Rxc3
Re8 27. Rxe8 Rxe8 28. Kf2 Rb8 29. Bf3 a5 30. bxa5 Ba6 31. Ng2
Rb5 32. Ne3 Rxa5 33. Nc2 Nxd5 34. Bxd5 Rxd5 35. Nb4 Ra5
36. Ke3 d5 37. Kd4 Bb7 38. Re3 Kf8 39. g4 Ra8 40. Re5 Rxa3
41. Nxd5 Rf3 42. Kxc4 Bxd5+ 43. Kxd5 Rxf4 44. h3 Rf3 45. h4
Rf4 46. Re4 Rxe4 47. Kxe4 f6 48. h5 gxh5 49. gxh5 Kf7 50. Kf4
Ke6 51. Kg4 Ke5 52. Kh4 Kf5 53. h6 Kg6 0-1

[Event "Hastings Online All-Play-All"]
[Site "Tornelo INT"]
[Date "2021.01.10"]
[EventDate "2021.01.09"]
[Round "8.3"]
[Result "1-0"]
[White "Glenn C Flear"]
[Black "Gawain Jones"]
[WhiteElo "2431"]
[BlackElo "2670"]
[PlyCount "177"]

1. d4 Nf6 2. c4 g6 3. Nc3 Bg7 4. e4 d6 5. Be2 O-O 6. Bg5 Na6
7. Qd2 e5 8. d5 Qe8 9. Bd1 c6 10. Nge2 cxd5 11. cxd5 b5 12. a3
Nc5 13. f3 a5 14. O-O Bd7 15. Bc2 b4 16. axb4 axb4 17. Rxa8
Qxa8 18. Nd1 Bb5 19. Re1 Rc8 20. Nc1 Qa5 21. Nf2 Nh5 22. Nb3
Nxb3 23. Bxb3 Nf4 24. g3 f6 25. Bxf4 exf4 26. Qxf4 Qc7 27. Kg2
Kh8 28. Qd2 Qc5 29. Nh3 Kg8 30. Nf4 Bh6 31. Qf2 Bxf4 32. gxf4
Bd3 33. e5 fxe5 34. fxe5 Qxf2+ 35. Kxf2 dxe5 36. d6+ Kf8
37. Rxe5 Rd8 38. Rd5 Bf5 39. Rd4 Bd7 40. Rxb4 Be8 41. Rd4 Rb8
42. Rd3 Bb5 43. Rd2 Bd7 44. Bc4 Rb6 45. b3 Ke8 46. Rd4 Bf5
47. Ke3 Kd7 48. Kf4 Rb8 49. Ke5 h5 50. Kf6 Rf8+ 51. Kg7 Rc8
52. h4 Bc2 53. Bb5+ Kd8 54. d7 Rb8 55. Bc4 Bxb3 56. Bxb3 Rxb3
57. Kxg6 Rxf3 58. Kxh5 Rg3 59. Kh6 Rg1 60. h5 Rg2 61. Kh7 Rg5
62. h6 Rg1 63. Kh8 Rg6 64. h7 Rg1 65. Rf4 Kxd7 66. Rf8 Ke6
67. Rg8 Rh1 68. Kg7 Rg1+ 69. Kf8 Rf1+ 70. Ke8 Ra1 71. Rg6+ Kf5
72. Rf6+ Ke5 73. Rf8 Ke6 74. Rf6+ Ke5 75. Rf1 Rxf1 76. h8=Q+
Ke4 77. Ke7 Rf5 78. Qh4+ Ke5 79. Qc4 Rg5 80. Qc5+ Kf4 81. Qd4+
Kf3 82. Kf6 Rg4 83. Qd3+ Kf4 84. Qf5+ Kg3 85. Ke5 Rg8 86. Qd3+
Kf2 87. Qc2+ Kg1 88. Qb1+ Kh2 89. Qh7+ 1-0

[Event "Hastings Online All-Play-All"]
[Site "Tornelo INT"]
[Date "2021.01.10"]
[EventDate "2021.01.09"]
[Round "8.5"]
[Result "1/2-1/2"]
[White "Matthew J Turner"]
[Black "David Howell"]
[WhiteElo "2509"]
[BlackElo "2658"]
[PlyCount "84"]

1. d4 Nf6 2. Bg5 d5 3. e3 g6 4. Bxf6 exf6 5. c4 dxc4 6. Bxc4
Bd6 7. Nc3 Nd7 8. h4 h5 9. Nh3 c6 10. g3 Qe7 11. a3 Kf8
12. Be2 Kg7 13. Kf1 c5 14. Kg2 Rd8 15. Bf3 cxd4 16. exd4 Nb6
17. Re1 Bxh3+ 18. Kxh3 Qd7+ 19. Kg2 Rac8 20. Qb3 f5 21. Rad1
Nc4 22. Re2 b6 23. Rd3 a6 24. Qa4 Qxa4 25. Nxa4 b5 26. Nc3 Rd7
27. Nd5 Rcd8 28. Ne3 Nb6 29. Rc3 f4 30. Rc6 Rb8 31. Nc2 fxg3
32. fxg3 a5 33. Ne3 Be7 34. Bxh5 Bf6 35. Bf3 Bxd4 36. h5 Bxe3
37. Rxe3 gxh5 38. Re5 Nc4 39. Rg5+ Kf8 40. Rxh5 Ke7 41. a4
Rd2+ 42. Kh3 Rxb2 1/2-1/2

[Event "Hastings Online All-Play-All"]
[Site "Tornelo INT"]
[Date "2021.01.10"]
[EventDate "2021.01.09"]
[Round "8.6"]
[Result "1/2-1/2"]
[White "Luke McShane"]
[Black "Daniel Gormally"]
[WhiteElo "2674"]
[BlackElo "2479"]
[PlyCount "130"]

1. e4 c5 2. Nf3 d6 3. Bb5+ Nd7 4. d4 Nf6 5. e5 cxd4 6. exf6
Qa5+ 7. Nbd2 Qxb5 8. fxe7 Bxe7 9. Nxd4 Qe5+ 10. Ne2 O-O
11. O-O Nf6 12. Nf3 Qc5 13. Be3 Qb4 14. Qd3 Qe4 15. Qd2 Be6
16. Rfe1 Rfc8 17. Nfd4 Bd7 18. Nf4 Qe5 19. f3 d5 20. Nd3 Qc7
21. Bf4 Qd8 22. c3 h6 23. Re2 Bf8 24. Bg3 Ne8 25. Nf4 Nf6
26. Rae1 b5 27. a3 a5 28. Nd3 Qb6 29. Bf2 Qc7 30. Bh4 Qb6
31. Kh1 b4 32. axb4 axb4 33. Nxb4 Bxb4 34. cxb4 Rc4 35. Bxf6
Qxf6 36. Nc2 Be6 37. b3 Rh4 38. Kg1 Ra2 39. g3 Rh5 40. Qd4
Qxf3 41. Rf2 Qxb3 42. Qe3 Qxe3 43. Rxe3 d4 44. Nxd4 Rxf2
45. Kxf2 Rxh2+ 46. Kg1 Rb2 47. Nxe6 fxe6 48. Rxe6 Rxb4 49. Kg2
Kf7 50. Ra6 Re4 51. Kf3 Re6 52. Ra7+ Kf6 53. Ra5 Re5 54. Ra6+
Kg5 55. Ra4 h5 56. Ra7 g6 57. Ra3 Rb5 58. Rc3 Kf5 59. Ra3 g5
60. g4+ hxg4+ 61. Kg3 Re5 62. Rb3 Re4 63. Rb5+ Kg6 64. Rb8 Rf4
65. Ra8 Rb4 1/2-1/2

[Event "Hastings Online All-Play-All"]
[Site "Tornelo INT"]
[Date "2021.01.10"]
[EventDate "2021.01.09"]
[Round "9.1"]
[Result "1/2-1/2"]
[White "Daniel Gormally"]
[Black "Nicholas Pert"]
[WhiteElo "2479"]
[BlackElo "2548"]
[PlyCount "53"]

1. d4 d5 2. c4 c6 3. Nf3 Nf6 4. Nc3 dxc4 5. a4 Bf5 6. Nh4 Bg4
7. h3 Bh5 8. g4 Bg6 9. Nxg6 hxg6 10. e4 e6 11. g5 Nfd7
12. Bxc4 Qa5 13. Kf1 Nb6 14. Ba2 Bb4 15. Be3 N8d7 16. d5 cxd5
17. exd5 exd5 18. Nxd5 O-O 19. h4 Nxd5 20. Qxd5 Ne5 21. Qe4
Rae8 22. h5 Bd2 23. Bxd2 Qxd2 24. hxg6 Nxg6 25. Qxg6 Qe2+
26. Kg2 Qg4+ 27. Kf1 1/2-1/2

[Event "Hastings Online All-Play-All"]
[Site "Tornelo INT"]
[Date "2021.01.10"]
[EventDate "2021.01.09"]
[Round "9.2"]
[Result "1-0"]
[White "David Howell"]
[Black "Luke McShane"]
[WhiteElo "2658"]
[BlackElo "2674"]
[PlyCount "81"]

1. e4 e5 2. Nf3 Nc6 3. Bb5 g6 4. d4 exd4 5. Bg5 f6 6. Bh4 h5
7. h3 Qe7 8. O-O Qc5 9. Ba4 g5 10. Bg3 g4 11. Nh4 gxh3 12. c3
b5 13. Bb3 hxg2 14. Re1 Nge7 15. cxd4 Qxd4 16. Nc3 Ba6 17. Nd5
O-O-O 18. Nxc7 Qxd1 19. Raxd1 Kb7 20. Kxg2 Bh6 21. Nxa6 Kxa6
22. Rd6 Bg5 23. Red1 Nc8 24. Rxd7 Rxd7 25. Rxd7 Nb6 26. Rd6
Na5 27. f4 Nb7 28. Rc6 Nd8 29. Rc5 Bxh4 30. Bxh4 Rh6 31. Kf3
Nb7 32. Rc6 Rg6 33. Rxf6 Rg1 34. Bf2 Rh1 35. f5 b4 36. e5 Kb5
37. Rxb6+ axb6 38. f6 Nd8 39. e6 Rh3+ 40. Kg2 Rxb3 41. e7 1-0

[Event "Hastings Online All-Play-All"]
[Site "Tornelo INT"]
[Date "2021.01.10"]
[EventDate "2021.01.09"]
[Round "9.3"]
[Result "1/2-1/2"]
[White "Matthew J Wadsworth"]
[Black "Matthew J Turner"]
[WhiteElo "2416"]
[BlackElo "2509"]
[PlyCount "79"]

1. c4 Nf6 2. g3 g6 3. Bg2 Bg7 4. Nf3 O-O 5. O-O c6 6. b3 Ne4
7. d4 d5 8. Bb2 Nd7 9. e3 Ndf6 10. Ne5 a5 11. a4 Be6 12. Na3
h5 13. cxd5 Bxd5 14. f3 Nd6 15. e4 Be6 16. Nd3 Nh7 17. Nf4 Bc8
18. Kh1 Ng5 19. e5 Nf5 20. Re1 Ne6 21. Nxe6 Bxe6 22. Nc4 Bd5
23. Qd3 b5 24. Nd2 Rb8 25. axb5 Rxb5 26. f4 Bxg2+ 27. Kxg2
Qd5+ 28. Qe4 Rfb8 29. Bc3 e6 30. Ra4 Bf8 31. Rea1 Bb4 32. Bxb4
Rxb4 33. Rxa5 Qxd4 34. Qxd4 Nxd4 35. Ra8 Kg7 36. Rxb8 Rxb8
37. Rc1 Rb5 38. Rc4 Nxb3 39. Nxb3 Rxb3 40. Rxc6 1/2-1/2

[Event "Hastings Online All-Play-All"]
[Site "Tornelo INT"]
[Date "2021.01.10"]
[EventDate "2021.01.09"]
[Round "9.4"]
[Result "1/2-1/2"]
[White "Gawain Jones"]
[Black "Michael Adams"]
[WhiteElo "2670"]
[BlackElo "2716"]
[PlyCount "45"]

1. e4 e5 2. Nf3 Nc6 3. Bc4 Bc5 4. c3 Nf6 5. d4 exd4 6. e5 d5
7. Bb5 Ne4 8. cxd4 Bb6 9. Nc3 O-O 10. Be3 Bg4 11. h3 Bh5
12. Qc2 Ba5 13. O-O Bxf3 14. gxf3 Nxd4 15. Bxd4 Bxc3 16. Bxc3
Qg5+ 17. Kh1 Qf5 18. fxe4 Qxh3+ 19. Kg1 Qg4+ 20. Kh2 Qh4+
21. Kg2 Qg4+ 22. Kh2 Qh4+ 23. Kg2 1/2-1/2

[Event "Hastings Online All-Play-All"]
[Site "Tornelo INT"]
[Date "2021.01.10"]
[EventDate "2021.01.09"]
[Round "9.5"]
[Result "1/2-1/2"]
[White "Mark Hebden"]
[Black "Glenn C Flear"]
[WhiteElo "2453"]
[BlackElo "2431"]
[PlyCount "117"]

1. d4 d5 2. Nc3 Nf6 3. Bf4 c5 4. e3 cxd4 5. exd4 a6 6. Bd3 Nc6
7. Nge2 Bg4 8. f3 Bh5 9. h4 e6 10. Qd2 Bg6 11. g4 Bd6
12. O-O-O Rc8 13. Kb1 b5 14. Bxd6 Qxd6 15. Qf4 Qxf4 16. Nxf4
Bxd3 17. Rxd3 h6 18. Nce2 Kd7 19. Re3 Kc7 20. Nd3 Nd7 21. h5
a5 22. Rg1 Kb6 23. c3 b4 24. cxb4 Nxb4 25. Nxb4 axb4 26. a3
bxa3 27. Rb3+ Kc6 28. Rxa3 Kd6 29. Ra6+ Ke7 30. Re1 Ra8
31. Rxa8 Rxa8 32. Nf4 Kd6 33. b3 Nb8 34. Kb2 Nc6 35. Rd1 Nb4
36. Rd2 Rc8 37. Nd3 Nxd3+ 38. Rxd3 Rb8 39. f4 f6 40. Re3 Rb7
41. g5 hxg5 42. fxg5 e5 43. Rh3 exd4 44. h6 gxh6 45. gxh6 Rh7
46. Kc2 Kc5 47. Kd3 f5 48. b4+ Kxb4 49. Kxd4 f4 50. Rh4 f3
51. Ke3+ Kc3 52. Kxf3 d4 53. Ke4 d3 54. Rh3 Kc2 55. Rxd3 Re7+
56. Kf5 Kxd3 57. Kg6 Ke4 58. h7 Rxh7 59. Kxh7 1/2-1/2